MDQL
is popping MORE tags! Check the
thread
!
Quizzes
Events
Quiz Creation
Community
Videos
Private Events
Remove Ads
Sign In
Join for FREE
Feedback
Dark Mode
Quiz Categories
Sports
Geography
Music
Movies
Television
Just For Fun
Miscellaneous
History
Literature
Language
Science
Gaming
Entertainment
Religion
Holiday
For Kids
Quiz Lab
Recent
Popular Today
Quiz Kudos Today
Editor Picks
Curator Picks
Quizzes by...
Day
Popularity
Type
Ratings
Length
Year
Community
Subscriptions
Recent Discussions
Orange Saloon
Badges
Playlists
Quests
Create
Leaderboards
Showdown
Live 5
Trivia Bingo
Activity
Puzzle Library
Sporcle Events
Private Events
Virtual Trivia
Globe League
Become a Host
Pub Owners
SporcleCon
Opinionation
Our Games
Videos
Blog
Mobile Apps
Partnerships
Remove Ads and Go Orange
Feedback
Music
Pop Music
The Beatles
Song
Album
Lyrics
Bands
Singers
Artist
Clip
Rock
Rap
Classical
Billboard
Country Music
Kpop
Taylor Swift
Music
Pop Music
The Beatles
Song
Album
Lyrics
Bands
Singers
Artist
Clip
Rock
Rap
Classical
Billboard
Country Music
Kpop
Taylor Swift
Random Quiz
Search Sporcle
×
Quiz Lab
Quiz Lab
Music
Rock
Type in answers that appear in a list
Type in answers that appear in a list
Classic
Best Score? Go Orange.
Rock and Roll Hall of Fame by Song Clip2 Stats
Can you name the particular artists in the Rock and Roll Hall of Fame based of each sound clip, again?
By
cousinkevin13
9m
32 Questions
1,431 Plays
1,431 Plays
1,431 Plays
Comments
Comments
Give Quiz Kudos
Give Quiz Kudos
-
- Ratings
hide this ad
Replay
Link that replays current quiz
Next Quiz
Link to next quiz in quiz playlist
You Got
0%
They Got
Avg Score
54%
Avg Friend Score
Upgrade to see
Score Distribution
Jump to the score distribution portion of the page
Score
0/32
Timer
09:00
0
Plays Today
Clip
Artist
% Correct
2:44-
2:50
Elton John
87.3%
2:38-
2:44
AC/DC
85.5%
1:38-
1:44
Bob Dylan
80.5%
0:50-
0:56
The Jimi Hendrix Experience
79.7%
1:20-
1:26
Paul McCartney
76.8%
1:08-
1:14
R.E.M.
74.9%
1:50-
1:56
Michael Jackson
74.6%
0:08-
0:14
Tom Petty & The Heartbreakers
73.5%
1:02-
1:08
Jerry Lee Lewis
72.6%
2:02-
2:08
Otis Redding
69.1%
2:32-
2:38
The Clash
69%
0:44-
0:50
Fleetwood Mac
66.6%
3:02-
3:08
Jefferson Airplane
66.5%
1:14-
1:20
Band, Allman Brothers
60.7%
1:56-
2:02
Van Morrison
57.4%
2:26-
2:32
The Eagles
56.5%
Clip
Artist
% Correct
0:56-
1:02
The Band
54.8%
0:26-
0:32
Buddy Holly
53.7%
3:08-
3:14
John Lennon
53.7%
2:14-
2:20
The Mamas and The Papas
52.8%
0:02-
0:08
Simon & Garfunkel
51.2%
2:08-
2:14
John Mellencamp
46.6%
1:26-
1:32
Bob Seger
46.1%
0:38-
0:44
Jackson Browne
44.5%
2:50-
2:56
Crosby, Stills, and Nash
38%
0:32-
0:38
ZZ Top
33.9%
0:20-
0:26
George Harrison
28.7%
0:14-
0:20
Eric Clapton
25.2%
2:20-
2:26
The Coasters
23.8%
1:32-
1:38
Bee Gees
20.2%
2:56-
3:02
Grateful Dead
9.6%
1:44-
1:50
Jeff Beck
5.6%
Quiz Playlist
Details
Report
Send in Message
Add To Playlist
Classic:
Type in answers that appear in a list
Last Updated: Feb 16, 2017
Quiz Scoreboard
CHALLENGE
Sign Up to Join the Scoreboard
Show All
Scores
Hide
Comments
May contain spoilers
Recently Published
Street Fighter Characters
by Artimus82
Gaming
60s
9x9 Crossword: Cartoon Network
by jackfrog10
Miscellaneous
3m
College Basketball Coaching Resumes
by pancakes188
Sports
9m
More to Explore
Quiz From the Vault
Featured Blog Post
Where Did the Easter Bunny Come From?
hide this ad
You Might Also Like...
Tags
Artist Quiz
Clip Quiz
Rock Quiz
Song Quiz
Again
Audio Quiz
fame
hall
particular
Rock and Roll Hall of Fame
roll
sound
Today's Top Quizzes in Music
Browse Music
hide this ad
Today's Top Quizzes in Rock
Browse Rock
Top Contributed Quizzes in Music
1
Taylor Swift All Songs (2024)
2
Taylor Swift Logic Puzzle
3
Guess the Artist- 70s Songs
4
7-to-1: Billboard Hot 100 #1 Hits of 2010s
5
Sorting Albums and Songs
6
KPOP LOGIC QUIZ
7
Guess the Taylor Swift song (Mystery Song)
8
Guess The Taylor Swift Lyrics Song #1
9
Billboard Blitz: ABBA
10
Billboard Blitz: The Beatles
Explore More
Trending Topics
Kpop
Anime
Disney
Marvel
Harry Potter
Crossword
NBA
Pokémon
NFL
Song
Puzzle
The Office
Soccer
WWE
Country
hide this ad
More By:
cousinkevin13
Quiz
Plays
Rating
Category
Featured
Created
Rock and Roll Hall of Fame by Song Clip
8,584
4.30
Music
Feb 25, 2010
Teenage Mutant Ninja Turtles
5,510
4.41
Entertainment
Feb 13, 2010
Al Bundy
1,601
3.33
Television
Mar 12, 2010
Rock and Roll Hall of Fame by Song Clip2
1,431
4.31
Music
Mar 1, 2010
90's Movie Quotes
1,355
4.50
Movies
Feb 11, 2011
Go to Creator's Profile
Score Distribution
Quiz Creator Spotlight
cousinkevin13
Follow
Send a Message
Quizzes Created
-
Created Quiz Play Count
-
More By This Creator
Popular Quizzes Today
1
Find the US States - No Outlines Minefield
2
Find the Countries of Europe - No Outlines Minefield
3
The Countries of the World
4
Find the US States
5
Risky Map Clicking: Biggest States A-Z
6
US States
7
Popular People in 1961
8
Movies - When Are They Set?
More Music Quizzes
'Crazy Rap' States by order of mention***
Quiz Lab
Trending Quizzes
Risky Map Clicking: Least Populous States A-Z
Countries of the World: 200 Million BC
1-10 Letter G Words
Risky Map Clicking: Next State Alphabetically
Adjectives in 80s TV Shows
Recently Updated
Leaping Animals
pecheneg
Reality TV Shows (A-Z)
bhenderson79
Rickey Henderson's Hall of Fame Teammates
pecheneg
Champions League XIs: Arsenal
pecheneg
Quick Pick: Celebrities in WWE's Hall of Fame
aduchscher
A-Z Keypad Blitz II
pecheneg
Multiple Oscar Actors
pecheneg
Mystery Phrase Blitz: Oscar 'Best Actors'
pecheneg
F. Scott Fitzgerald Novels
LTH
Pick 3 Villains
ddd62291
Trending Topics
Anime
Crossword
Marvel
Disney
Harry Potter
Kpop
NBA
Pokémon
WWE
NFL
The Office
Puzzle
Soccer
Country
Song
Your Account Isn't Verified!
In order to create a playlist on Sporcle, you need to verify the email address you used during registration. Go to your
Sporcle Settings
to finish the process.
Report this User
Report this user for behavior that violates our
Community Guidelines
.
Details:
Send Report
Go to the Sporcle.com Mobile Site →
Comments